000 00612nam a2200217 a 4500
001 BRL_426
005 20190320210733.0
008 080813s1947----mx-a######---#000-0#spa-#
041 _aspa
044 _amx
050 4 _aNA750
_b.O27 1947
100 1 _aObregon Santacilia, Carlos
_923881
245 1 0 _aMéxico como eje de las antiguas arquitecturas de América
_cCarlos Obregon Santacilia.
260 _aMéxico
_bAtlante
_c1947
300 _a109 p.
_bil.
_c29 cm.
500 _aAu435
500 _aIncluye índice de ilustraciones
650 1 4 _aArquitectura
_zMéxico
_9596
902 _aGRL
942 _2lcc
_cB
999 _c9238
_d9238